language click map - Statistics

General Stats
  • This quiz has been taken 45 times
  • The average score is 12 of 51
Answers on the Map
Answers color-coded by a green-red scale on the quiz's map according to % correct below.
 
Answer Stats
Answer % Correct
i went to pet store to adopt a dog
94%
Ich bin zum Tiergeschäft gegangen, um einen Hund zu adoptieren.
65%
Je suis allé au magasin d'animaux pour adopter un chien.
65%
犬を飼うためにペットショップに行きました。
53%
나는 강아지를 입양하려고 애완동물 가게에 갔다.
47%
我去寵物店收養了一隻狗。
41%
Я пошел в питомник, чтобы усыновить собаку.
41%
Au tiko e na vale ni boci me vauci e dua na loloma.
41%
poszedłem do sklepu zoologicznego, aby adoptować psa
35%
मैं कुत्ता गोद लेने के लिए पालतू जानवरों की दुकान गया।
29%
އަހަރެން ދިޔައީ ޕެޓް ސްޓޯރަކަށް ބުޅަލެއް އެޑޮޕްޓް ކުރަން
29%
ውሻ ለማደጎ ወደ የቤት እንስሳት መደብር ሄጄ ነበር።
29%
Я пішов у зоомагазин, щоб усиновити собаку
29%
Bir köpeği sahiplenmek için bir pet shopa gittim
29%
Chuaigh mé go dtí an siopa peataí chun madra a ghlacadh.
29%
Fui a la tienda de mascotas para adoptar un perro.
29%
Mort għand il-ħanut tal-annimali biex tadotta kelb.
29%
tôi đã đến một cửa hàng thú cưng để nhận nuôi một con chó
29%
Отидох в зоомагазин, за да осиновя куче.
24%
ကျွန်တော် က်ားမွေးဖွားဆိုင်ကို ခွေးတစ်ကောင် အတိုးယူဖို့ သွားခဲ့တယ်။
24%
ང་ཁྱི་བདག་འཛིན་འཐབ་ནིའི་དོན་ལུ་ སེམས་ཅན་གྱི་ཚོང་ཁང་ནང་འགྱོ་ཡི།
24%
Elmentem az állatboltba, hogy örökbefogadjak egy kutyát.
24%
Eu fui à loja de animais para adotar um cachorro.
24%
i haere au ki te toa kūrepe ki te tango i tētahi kuri
24%
Ман ба дӯкони ҳайвоноти хонагӣ рафтам, то як саги хонагӣ қабул кунам.
18%
زه د سپي د منلو لپاره د څاروي دوکان ته لاړو.
18%
ذهبت إلى متجر الحيوانات الأليفة لتبني كلبًا
18%
ᑎᒍᐊᖅᑖᕐᕕᓕᐊᓚᐅᖅᑐᖓ ᑎᒍᐊᕆᐊᖅᑐᖅᑐᖓ ᕿᒻᒥᒥᒃ.
18%
Išao sam u trgovinu za kućne ljubimce da usvojim psa.
18%
jeg gik til dyrehandel for at adoptere en hund
18%
Mon ti ale dan magazen animal pour adopt en chien.
18%
saya pergi ke kedai haiwan peliharaan untuk mengadopsi seekor anjing
18%
Šel jsem do zverimexu, abych si adoptoval psa.
18%
Šiel som do zverimexu, aby som si adoptoval psa.
18%
sono andato al negozio di animali per adottare un cane
18%
من به یک فروشگاه حیوانات خانگی رفتم تا یک سگ را به فرزندی قبول کنم.
12%
میں کتے کو گود لینے کے لیے پالتو جانوروں کی دکان پر گیا۔
12%
Ke ile kwa lebenkeleng la diruiwa go rua ntša
12%
Mwen te ale nan magazen bèt pou adopte yon chen.
12%
Na'a ku 'alu ki ha falekoloa monumanu ke ohi ha kuli
12%
Na ou alu i le fa'ata'ita'iga o laupapa e adopti se maile.
12%
Nuėjau į naminių gyvūnėlių parduotuvę priglausti šuns
12%
Ech sinn an de Petsgeschäft gaangen, fir e Hond ze adoptéieren.
6%
Ez çûm firoşgehek heywanan da ku kûçikekî xwe bigirim
6%
fun á tenda de mascotas para adoptar un can
6%
lEs devos uz dzīvnieku veikalu, lai adoptētu suni.
6%
Men it kabul etmek üçin eşikler dükanyna bardym.
6%
nagiye ku isoko ry’inenge kugira ngo nibone imbwa
6%
Ngaya esitolo sezilwane ukuzothatha inja.
6%
Nilienda dukani kwa wanyama kukuza mbwa
6%
Vaig anar a la botiga d'animals per adoptar un gos.
0%
No matching quizzes found
Score Distribution
Percent of People with Each Score
Percentile by Number Answered
Your Score History
You have not taken this quiz